000
00244pam a2200121 a 4500
020
_c
041
_a
eng
100
_a
Emersan.R.W.
245
_a
Essays
_h
Textual Documents
260
_a
[s.l]:
_b
Eurasia Pub
300
_a
446p.
930
_a
15565
999
_c
92465
_d
92465